[Event "Roncana op-B 13th"]
[Site "Santa Eulalia de Roncana"]
[Date "2019.11.16"]
[Round "7"]
[White "Vacas Gijon, Gabriel"]
[Black "Lopez Sanchez, Pedro"]
[Result "1/2-1/2"]
[WhiteElo "1504"]
[BlackElo "1318"]
[PlyCount "21"]
[EventDate "2019.09.28"]
[EventType "swiss"]
[EventRounds "8"]
[EventCountry "ESP"]
[SourceTitle "CBM 193 Extra"]
[Source "ChessBase"]
[SourceDate "2020.01.31"]
[SourceVersion "1"]
[SourceVersionDate "2020.01.31"]
[SourceQuality "1"]

1. d4 d5 2. Nf3 Nf6 3. Bf4 e6 4. a3 Nbd7 5. h3 b6 6. e3 Bb7 7. Nbd2 Be7 8. Be2 0-0 9. 0-0 c5 10. dxc5 bxc5 11. c3 1/2-1/2

[Event "Roncana op-B 13th"]
[Site "Santa Eulalia de Roncana"]
[Date "2019.10.12"]
[Round "3"]
[White "Viaplana Puigdomenech, Santi"]
[Black "Lopez Sanchez, Pedro"]
[Result "1-0"]
[WhiteElo "1459"]
[BlackElo "1318"]
[PlyCount "81"]
[EventDate "2019.09.28"]
[EventType "swiss"]
[EventRounds "8"]
[EventCountry "ESP"]
[SourceTitle "CBM 193 Extra"]
[Source "ChessBase"]
[SourceDate "2020.01.31"]
[SourceVersion "1"]
[SourceVersionDate "2020.01.31"]
[SourceQuality "1"]

1. d4 d5 2. Nf3 Nf6 3. e3 Bf5 4. Bd3 Bd7 5. 0-0 g6 6. Nbd2 Nc6 7. c3 Bg7 8. e4 dxe4 9. Nxe4 Nxe4 10. Bxe4 e6 11. Bg5 Ne7 12. Qc1 c6 13. Bh6 0-0 14. Bxg7 Kxg7 15. Re1 Qc7 16. Ne5 Bc8 17. Qc2 f6 18. Nc4 b5 19. Nd2 Bd7 20. Nb3 Be8 21. Nc5 Bf7 22. Bf3 Qd6 23. Ne4 Qc7 24. Qe2 Rae8 25. Nc5 Nf5 26. Qe4 e5 27. Qxc6 Qxc6 28. Bxc6 Re7 29. Bxb5 Rb8 30. a4 Rd8 31. dxe5 fxe5 32. Ne4 Be8 33. Be2 Bc6 34. Bf3 Nd6 35. Rad1 Red7 36. Ng5 Bxf3 37. gxf3 Kf6 38. h4 Nf5 39. Rxd7 Rxd7 40. Ne4+ Ke6 41. Nc5+ 1-0

[Event "Roncana op-B 10th"]
[Site "Santa Eulalia de Roncana"]
[Date "2016.09.24"]
[Round "1"]
[White "Espada Espanol, Tura"]
[Black "Lopez Sanchez, Pedro"]
[Result "1-0"]
[WhiteElo "1727"]
[BlackElo "1452"]
[PlyCount "65"]
[EventDate "2016.09.24"]
[EventType "swiss"]
[EventRounds "8"]
[EventCountry "ESP"]
[SourceTitle "EXT 2018"]
[Source "ChessBase"]
[SourceDate "2017.10.13"]
[SourceVersion "1"]
[SourceVersionDate "2017.10.13"]
[SourceQuality "1"]

1. c4 e5 2. Nc3 Nf6 3. g3 Bc5 4. Bg2 c6 5. d3 Qb6 6. e3 0-0 7. d4 exd4 8. exd4 Bxd4 9. Qf3 d5 10. Nge2 Bg4 11. Qf4 Re8 12. f3 Bf2+ 13. Kd1 Be6 14. h4 dxc4 15. h5 Rd8+ 16. Kc2 h6 17. g4 Qc5 18. Ne4 Nxe4 19. fxe4 Nd7 20. Bd2 f6 21. Rh3 Bd4 22. Rd1 Be5 23. Qf3 Qb5 24. Nc3 Qa6 25. Rh4 b5 26. a3 c5 27. Bh3 Nb6 28. g5 Bxh3 29. Qxh3 Nd7 30. gxh6 gxh6 31. Rg1+ Kf7 32. Bxh6 Rg8 33. Qxd7# 1-0